Investment property valuation today (Record no. 102595)

MARC details
000 -LEADER
fixed length control field 01186cam a2200289 4500
008 - FIXED-LENGTH DATA ELEMENTS--GENERAL INFORMATION
fixed length control field 000000n2002 000 0 eng u
020 ## - INTERNATIONAL STANDARD BOOK NUMBER
International Standard Book Number 0728203936
035 ## - SYSTEM CONTROL NUMBER
System control number (Sirsi) u120989
041 ## - LANGUAGE CODE
Language code of text/sound track or separate title eng.
050 ## - LIBRARY OF CONGRESS CALL NUMBER
Classification number 333.332
-- 18
100 ## - MAIN ENTRY--PERSONAL NAME
Personal name Havard, Tim
245 ## - TITLE STATEMENT
Title Investment property valuation today
250 ## - EDITION STATEMENT
Edition statement 2nd ed.
260 ## - PUBLICATION, DISTRIBUTION, ETC.
Place of publication, distribution, etc. London
Name of publisher, distributor, etc. Estates Gazette
Date of publication, distribution, etc. 2002
300 ## - PHYSICAL DESCRIPTION
Extent vii, 132p.
Dimensions 22cm.
350 ## - PRICE (NR) (BK AM CF MU VM SE) [OBSOLETE]
Price 25
520 ## - SUMMARY, ETC.
Summary, etc. A reformatted edition of the text first published in 2000 by Chandos Publishing (ISBN 1902375378). Provides simple descriptions of the techniques involved in investment property valuation. Clarification is given through the use of extensive representative examples. The text is primarily aimed at property professionals working in the fields of asset valuation, investment appraisal and advice, portfolio management and landlord and tenant work.
650 ## - SUBJECT ADDED ENTRY--TOPICAL TERM
Topical term or geographic name entry element VALUATION TECHNIQUES
650 ## - SUBJECT ADDED ENTRY--TOPICAL TERM
Topical term or geographic name entry element DISCOUNTED CASH FLOW
650 ## - SUBJECT ADDED ENTRY--TOPICAL TERM
Topical term or geographic name entry element SHORT LEASES
650 ## - SUBJECT ADDED ENTRY--TOPICAL TERM
Topical term or geographic name entry element BREAK CLAUSES
650 ## - SUBJECT ADDED ENTRY--TOPICAL TERM
Topical term or geographic name entry element OVER-RENTED PROPERTY
650 ## - SUBJECT ADDED ENTRY--TOPICAL TERM
Topical term or geographic name entry element PROPERTY INVESTMENT
690 ## - LOCAL SUBJECT ADDED ENTRY--TOPICAL TERM (OCLC, RLIN)
Topical term or geographic name as entry element VALUATION AND INVESTMENT APPRAISAL-COMMERCIAL
942 ## - ADDED ENTRY ELEMENTS (KOHA)
Suppress in OPAC 0
Holdings
Withdrawn status Lost status Damaged status Not for loan Home library Current library Shelving location Date acquired Cost, normal purchase price Total Checkouts Full call number Barcode Date last seen Date last checked out Copy number Cost, replacement price Price effective from Koha item type Source of classification or shelving scheme
  Missing     London London Missing 25/03/2003 21.25 33 333.332 HAV 30068438 06/08/2019 30/07/2007 1 21.25 06/08/2019 Book  
        London London Books 26/11/2004 25.00 26 333.332 HAV 30069728 06/08/2019 16/10/2009 3 25.00 06/08/2019 Book Dewey Decimal Classification